Algorithms (Record no. 5446)
[ view plain ]
| 000 -LEADER | |
|---|---|
| fixed length control field | 00387nam a2200145Ia 4500 |
| 008 - FIXED-LENGTH DATA ELEMENTS--GENERAL INFORMATION | |
| fixed length control field | 150201s2008 xx 000 0 und d |
| 082 ## - DEWEY DECIMAL CLASSIFICATION NUMBER | |
| Classification number | 518.1 |
| Item number | DAS |
| 100 ## - MAIN ENTRY--PERSONAL NAME | |
| Personal name | Dasgupta,Sanjoy |
| 245 ## - TITLE STATEMENT | |
| Title | Algorithms |
| 260 ## - PUBLICATION, DISTRIBUTION, ETC. (IMPRINT) | |
| Name of publisher, distributor, etc. | Tata McGraw Hill Education Private Limited |
| Place of publication, distribution, etc. | New Delhi |
| Date of publication, distribution, etc. | 2008 |
| 300 ## - PHYSICAL DESCRIPTION | |
| Extent | 320p. |
| 700 ## - ADDED ENTRY--PERSONAL NAME | |
| Personal name | Papadimitriou,Christos |
| 700 ## - ADDED ENTRY--PERSONAL NAME | |
| Personal name | Vazirani,Umesh |
| 942 ## - ADDED ENTRY ELEMENTS (KOHA) | |
| Source of classification or shelving scheme | Dewey Decimal Classification |
| Koha item type | Books |
| Koha issues (borrowed), all copies | 7 |
| Withdrawn status | Lost status | Source of classification or shelving scheme | Damaged status | Not for loan | Home library | Current library | Date acquired | SGTU | Total Checkouts | Full call number | Barcode | Date last seen | Date last checked out | Bill Date | Koha item type |
|---|---|---|---|---|---|---|---|---|---|---|---|---|---|---|---|
| Dewey Decimal Classification | SGT Engineering Library | SGT Engineering Library | 06/11/2012 | SGTU | 2 | 518.1 DAS | FE5146 | 18/09/2025 | 04/09/2025 | 09/02/2015 | Books | ||||
| Dewey Decimal Classification | SGT Engineering Library | SGT Engineering Library | 06/11/2012 | SGTU | 518.1 DAS | FE5147 | 09/02/2015 | 09/02/2015 | Books | ||||||
| Dewey Decimal Classification | SGT Engineering Library | SGT Engineering Library | 06/11/2012 | SGTU | 4 | 518.1 DAS | FE5148 | 18/06/2022 | 24/10/2019 | 09/02/2015 | Books | ||||
| Dewey Decimal Classification | SGT Engineering Library | SGT Engineering Library | 06/11/2012 | SGTU | 518.1 DAS | FE5149 | 09/02/2015 | 09/02/2015 | Books | ||||||
| Dewey Decimal Classification | SGT Engineering Library | SGT Engineering Library | 06/11/2012 | SGTU | 5 | 518.1 DAS | FE5150 | 27/11/2024 | 27/11/2024 | 09/02/2015 | Books | ||||
| Dewey Decimal Classification | SGT Engineering Library | SGT Engineering Library | 06/11/2012 | SGTU | 518.1 DAS | FE5198 | 09/02/2015 | 09/02/2015 | Books | ||||||
| Dewey Decimal Classification | SGT Engineering Library | SGT Engineering Library | 06/11/2012 | SGTU | 518.1 DAS | FE5199 | 09/02/2015 | 09/02/2015 | Books | ||||||
| Dewey Decimal Classification | SGT Engineering Library | SGT Engineering Library | 06/11/2012 | SGTU | 2 | 518.1 DAS | FE5200 | 06/06/2025 | 06/06/2025 | 09/02/2015 | Books | ||||
| Dewey Decimal Classification | SGT Engineering Library | SGT Engineering Library | 06/11/2012 | SGTU | 2 | 518.1 DAS | FE5201 | 06/11/2019 | 24/10/2019 | 09/02/2015 | Books | ||||
| Dewey Decimal Classification | SGT Engineering Library | SGT Engineering Library | 06/11/2012 | SGTU | 3 | 518.1 DAS | FE5202 | 14/01/2023 | 11/10/2022 | 09/02/2015 | Books |